Foods by Picture #1 - Statistics

General Stats
  • This quiz has been taken 262 times
  • The average score is 14 of 20
Answer Stats
Picture Answer % Correct
Starbucks
97%
Kit Kat
93%
M&M
93%
Dominos
88%
Kiwi
87%
Big Mac
86%
Oreo
85%
Orange Juice
83%
Twinkies
80%
Doritos
79%
Quaker Oats
72%
Saltine
72%
Cheetos
66%
Dum Dums
66%
Kraft Mac n' Cheese
62%
Lucky Charms
61%
Nutter Butter
57%
Jolly Ranchers
51%
Hershey Kiss
42%
Life Cereal
18%
No matching quizzes found
Score Distribution
Percent of People with Each Score
Percentile by Number Answered
Your Score History
You have not taken this quiz